| 000 | 00949cam a22002655a 4500 | ||
|---|---|---|---|
| 001 | 14220027 | ||
| 005 | 20180220094305.0 | ||
| 008 | 060105s2006 mdu bf 001 0 eng | ||
| 010 | _a 2006920220 | ||
| 020 | _a9781569002162 (pbk.) | ||
| 020 | _a1569002169 (pbk.) | ||
| 040 |
_aDLC _cDLC |
||
| 041 | _aeng | ||
| 043 | _an-us-ky | ||
| 080 | _a615.8515 CAM | ||
| 082 | 0 | 0 |
_a615.8515 CAM _222 |
| 100 | _a4 | ||
| 101 | _aSHM | ||
| 245 | 0 | 0 |
_aApplying the Occupational therapy practice framework : _cCamille Skubik-Peplaski ... [et al.]. |
| 246 | 3 | _aOccupational therapy practice framework | |
| 504 | _aIncludes bibliographical references and index. | ||
| 906 |
_a7 _bcbc _corignew _d2 _eepcn _f20 _gy-gencatlg |
||
| 942 |
_2ddc _cBK |
||
| 999 |
_c42965 _d42965 |
||